00697nam a2200181Ia 4500952017000000999001700170003000400187005001700191008004100208020001800249040000900267082002500276100002200301245008000323260004700403300000900450942005600459 00102ddc40708SOCIAL SCIENCEaMESbMEScSOCIAL SCIENCEd2019-02-20g645.00l1o305.486970954 HAS/Ip30798r2023-09-18 11:15:55s2023-09-18w2019-02-20yBKzGL41R1 c21090d21090OSt20200615105051.0190216s9999||||xx |||||||||||||| ||und|| a9780195665840 coclc a305.486970954bHAS/I aHasan, Zoya92874 0aIn A Minority :bEssays On Muslim Women In India /cZoya Hasan ; Ritu Menon bOxford University Press,aNew York:c2005. a396p cBK2ddch305.486970954iHAS/Ik305.486970954mHAS/I